[Event "Winnipeg TNT 2025.06"]
[Site "Winnipeg CAN"]
[Date "2025.06.24"]
[Round "4.8"]
[White "Zhang, Ian"]
[Black "Kuryliw, Ray"]
[Result "0-1"]
[WhiteElo "1753"]
[BlackElo "1918"]
[WhiteFideId "-1"]
[WhiteFideId "-1"]
[PlyCount "146"]
[GameId "2197395078045818"]
[EventDate "2025.06.03"]
[EventType "swiss"]
[EventRounds "4"]
[EventCountry "CAN"]

1. e4 c6 2. Nf3 d5 3. Nc3 Bg4 4. exd5 cxd5 5. d4 e6 6. h3 Bh5 7. Be2 Nc6 8. Be3 Bd6 9. O-O Nge7 10. Re1 O-O 11. a3 a6 12. Qd2 Rc8 13. Rac1 Na5 14. g4 Bg6 15. Nh4 Nc4 16. Bxc4 Rxc4 17. Nxg6 Nxg6 18. f4 Ne7 19. Ne2 Qc7 20. c3 b5 21. Kg2 f5 22. g5 Qb8 23. h4 Qe8 24. Ng3 Rc7 25. Rh1 Nc6 26. h5 Na5 27. Qe2 Nc4 28. h6 g6 29. Rhe1 Kf7 30. Kf3 Qb8 31. Bg1 Re7 32. Be3 Rc8 33. Nh1 a5 34. Nf2 b4 35. axb4 axb4 36. Nd3 bxc3 37. bxc3 Qb3 38. Qc2 Rb7 39. Ne5+ Bxe5 40. dxe5 Qxc2 41. Rxc2 Rb3 42. Bd4 Ra8 43. Ree2 Raa3 44. Ra2 Ke8 45. Rxa3 Nxa3 46. Ra2 Kd7 47. Ke2 Kc6 48. Kd2 Kb5 49. Kd3 Kc6 50. Kd2 Nc4+ 51. Kd3 Ra3 52. Rc2 Ra1 53. Be3 Kb5 54. Rc1 Rxc1 55. Bxc1 Kc5 56. Ke2 d4 57. Kd3 dxc3 58. Kxc3 Na5 59. Be3+ Kd5 60. Kd3 Nc4 61. Bg1 Na5 62. Ke3 Kc4 63. Bh2 Nb3 64. Bg3 Nc1 65. Bh2 Nd3 66. Bg3 Nb4 67. Bh2 Nd5+ 68. Kf3 Kd3 69. Bg1 Nc3 70. Bh2 Ne2 71. Kg2 Nd4 72. Bg1 Ke4 73. Bh2 Nc2 0-1

[Event "Winnipeg TNT 2025.06"]
[Site "Winnipeg CAN"]
[Date "2025.06.24"]
[Round "4.9"]
[White "Letain, Cory"]
[Black "Babb, Jeff"]
[Result "0-1"]
[WhiteElo "1741"]
[BlackElo "2039"]
[WhiteFideId "-1"]
[WhiteFideId "-1"]
[PlyCount "46"]
[GameId "2197395078049915"]
[EventDate "2025.06.03"]
[EventType "swiss"]
[EventRounds "4"]
[EventCountry "CAN"]

1. e4 d5 2. d4 dxe4 3. Nc3 Nf6 4. f3 exf3 5. Qxf3 Nc6 6. Bb5 Bd7 7. Nge2 e6 8. O-O a6 9. Bd3 Be7 10. Bg5 h6 11. Bh4 Nb4 12. Rac1 Nxd3 13. cxd3 O-O 14. Qxb7 Rb8 15. Qxa6 Rxb2 16. a4 Qa8 17. Qxa8 Rxa8 18. Nb5 Bxb5 19. axb5 Rxe2 20. Rxc7 Bd8 21. b6 Bxc7 22. bxc7 Rc2 23. Bg3 Nd5 0-1

[Event "Winnipeg TNT 2025.06"]
[Site "Winnipeg CAN"]
[Date "2025.06.24"]
[Round "4.11"]
[White "Klokow, John"]
[Black "Trueman, Francis"]
[Result "1-0"]
[WhiteElo "1801"]
[BlackElo "1561"]
[WhiteFideId "-1"]
[WhiteFideId "-1"]
[PlyCount "69"]
[GameId "2197395078049916"]
[EventDate "2025.06.03"]
[EventType "swiss"]
[EventRounds "4"]
[EventCountry "CAN"]

1. e4 d6 2. d4 Nd7 3. Nc3 e5 4. Nf3 Ngf6 5. Bc4 Be7 6. O-O O-O 7. Bb3 Re8 8. h3 h5 9. Bg5 Nh7 10. Bxe7 Qxe7 11. Nd5 Qd8 12. Qe2 c6 13. Ne3 Ndf8 14. dxe5 dxe5 15. Rad1 Qe7 16. Rfe1 Ng6 17. Nf5 Qf8 18. Nd6 Re7 19. Nxc8 Rxc8 20. Rd6 Nf4 21. Qd2 Nf6 22. Ng5 Ne6 23. Nxe6 fxe6 24. Rxe6 Kh8 25. Rxe7 Qxe7 26. f3 Nh7 27. Rd1 Nf8 28. Qd6 Qg5 29. Qd2 Qf6 30. Qf2 h4 31. g3 Qg5 32. Kh2 Ng6 33. Be6 Re8 34. Bf7 hxg3+ 35. Qxg3 1-0

[Event "Winnipeg TNT 2025.06"]
[Site "Winnipeg CAN"]
[Date "2025.06.24"]
[Round "4.12"]
[White "Gannon, Keith"]
[Black "Kim, Sunyo"]
[Result "1/2-1/2"]
[WhiteElo "1582"]
[BlackElo "1783"]
[WhiteFideId "-1"]
[WhiteFideId "-1"]
[PlyCount "164"]
[GameId "2197395078058109"]
[EventDate "2025.06.03"]
[EventType "swiss"]
[EventRounds "4"]
[EventCountry "CAN"]

1. Nf3 Nc6 2. Nc3 e5 3. g3 d5 4. d3 d4 5. Ne4 f5 6. Ned2 Nf6 7. Bg2 Bb4 8. O-O Bxd2 9. Nxd2 Bd7 10. c3 Rb8 11. Re1 O-O 12. Qb3+ Kh8 13. a4 Qe7 14. e3 Be6 15. Nc4 Na5 16. Qa3 Qxa3 17. Nxa3 dxc3 18. bxc3 Nd5 19. Bxd5 Bxd5 20. c4 Bc6 21. Nb5 Nb3 22. Rb1 Nxc1 23. Rexc1 a6 24. Nxc7 Bxa4 25. Ne6 Rf6 26. Nc5 Bc6 27. Nxa6 Re8 28. Nb4 Bf3 29. Nd5 Rd6 30. Rxb7 Bxd5 31. cxd5 Rxd5 32. Rcc7 Rg8 33. Rd7 Rxd7 34. Rxd7 Re8 35. d4 Kg8 36. dxe5 Rxe5 37. Kg2 h6 38. h4 Kf8 39. Kf3 Re4 40. Rd5 g6 41. Rd6 Kf7 42. Rb6 Rc4 43. Rb7+ Kf6 44. Rh7 h5 45. Ra7 Rb4 46. Ra6+ Kf7 47. Ra2 Rc4 48. Ra7+ Kf6 49. Ra8 Kf7 50. Ra1 Kf6 51. Rd1 Ke5 52. Rd8 Ke6 53. Re8+ Kf7 54. Re5 Kf6 55. Rd5 Ke6 56. Rd4 Rc2 57. e4 Rc3+ 58. Kf4 fxe4 59. Rxe4+ Kf6 60. f3 Rc1 61. Ra4 Rc6 62. g4 hxg4 63. fxg4 Rb6 64. g5+ Ke6 65. Kg4 Kf7 66. h5 gxh5+ 67. Kxh5 Kg7 68. Rd4 Rb7 69. Rd6 Ra7 70. Rg6+ Kh7 71. Re6 Kg7 72. Rh6 Ra4 73. Rg6+ Kh7 74. Rb6 Ra7 75. g6+ Kg7 76. Rb5 Rc7 77. Kg5 Ra7 78. Rd5 Rb7 79. Kh5 Ra7 80. Rf5 Rb7 81. Rf7+ Rxf7 82. gxf7 Kxf7 1/2-1/2

[Event "Winnipeg TNT 2025.06"]
[Site "Winnipeg CAN"]
[Date "2025.06.24"]
[Round "4.13"]
[White "Ubaka, Michael"]
[Black "Comber, Kyle"]
[Result "0-1"]
[WhiteElo "1826"]
[BlackElo "1578"]
[WhiteFideId "-1"]
[WhiteFideId "-1"]
[PlyCount "68"]
[GameId "2197395078058110"]
[EventDate "2025.06.03"]
[EventType "swiss"]
[EventRounds "4"]
[EventCountry "CAN"]

1. e4 e5 2. Nf3 Nf6 3. Nc3 Bb4 4. d3 d5 5. exd5 Nxd5 6. Bd2 Nxc3 7. bxc3 Bd6 8. Be2 O-O 9. O-O f5 10. Bg5 Qe8 11. h3 h6 12. Bd2 g5 13. Nh2 Nc6 14. Re1 f4 15. Bh5 Qe7 16. Qf3 Bf5 17. Ng4 Qh7 18. Qd5+ Kh8 19. Rab1 Qd7 20. f3 b6 21. Kh1 Ne7 22. Nxe5 Nxd5 23. Nxd7 Bxd7 24. c4 Ne7 25. Re2 Nf5 26. Bc3+ Kh7 27. Kh2 Ng3 28. Bg4 Nxe2 29. Bxd7 Nxc3 30. Re1 Rf7 31. Be6 Re8 32. Bf5+ Rxf5 33. Rxe8 Re5 34. Ra8 a5 0-1

[Event "Winnipeg TNT 2025.06"]
[Site "Winnipeg CAN"]
[Date "2025.06.24"]
[Round "4.14"]
[White "Cobb, Kyle"]
[Black "Reimer, Bruce"]
[Result "0-1"]
[WhiteElo "1430"]
[BlackElo "1501"]
[WhiteFideId "-1"]
[WhiteFideId "-1"]
[PlyCount "70"]
[GameId "2197395078062207"]
[EventDate "2025.06.03"]
[EventType "swiss"]
[EventRounds "4"]
[EventCountry "CAN"]

1. e4 d6 2. f4 Nf6 3. Nc3 e5 4. Nf3 Bg4 5. Bc4 Be7 6. h3 Bh5 7. d3 h6 8. Qe2 c6 9. fxe5 dxe5 10. Be3 Nbd7 11. Qf2 b5 12. Bb3 O-O 13. Qg3 Kh8 14. Nxe5 Nxe5 15. Qxe5 Bd6 16. Qf5 Bg6 17. Qf3 a5 18. a4 b4 19. Ne2 Qc7 20. Bxh6 Nxe4 21. dxe4 gxh6 22. O-O Bc5+ 23. Kh1 Rae8 24. Qf6+ Kh7 25. Nf4 Be7 26. Qd4 Rd8 27. Qe3 Bg5 28. Qf3 c5 29. Bc4 Bxf4 30. Qxf4 Qe7 31. Rae1 Rd4 32. Bd5 Qd7 33. c3 Rd3 34. Bc4 Rd2 35. Rd1 Rxd1 0-1

[Event "Winnipeg TNT 2025.06 Novice"]
[Site "Winnipeg CAN"]
[Date "2025.06.03"]
[Round "1.1"]
[White "Jo, Asher"]
[Black "Wang, Elvis"]
[Result "1-0"]
[WhiteElo "1272"]
[BlackElo "1555"]
[WhiteFideId "-1"]
[WhiteFideId "-1"]
[PlyCount "67"]
[GameId "2197395178770611"]
[EventDate "2025.06.03"]
[EventType "swiss"]
[EventRounds "4"]
[EventCountry "CAN"]

1. d4 Nf6 2. c4 d5 3. Bg5 e6 4. e3 h6 5. Bf4 c5 6. Nc3 Nc6 7. Bd3 cxd4 8. exd4 Nxd4 9. Nf3 Nxf3+ 10. Qxf3 Be7 11. Qg3 Nh5 12. Qg4 Nxf4 13. Qxf4 O-O 14. O-O b6 15. cxd5 exd5 16. Rac1 Bg5 17. Qf3 Bxc1 18. Rxc1 Be6 19. Ne2 Rc8 20. Rxc8 Qxc8 21. h3 Qc7 22. Nc3 Rd8 23. Qe2 d4 24. Ne4 Bd5 25. Ng3 Rc8 26. Nf5 Qc1+ 27. Qf1 Qxf1+ 28. Kxf1 Rc1+ 29. Ke2 Bc4 30. Bxc4 Rxc4 31. Kd3 Rc8 32. Ne7+ Kf8 33. Nxc8 Ke8 34. Nxa7 1-0

[Event "Winnipeg TNT 2025.06 Novice"]
[Site "Winnipeg CAN"]
[Date "2025.06.03"]
[Round "1.2"]
[White "Howard, Nick"]
[Black "Gong, Lucas"]
[Result "0-1"]
[WhiteElo "1432"]
[BlackElo "1233"]
[WhiteFideId "-1"]
[WhiteFideId "-1"]
[PlyCount "46"]
[GameId "2197395178795188"]
[EventDate "2025.06.03"]
[EventType "swiss"]
[EventRounds "4"]
[EventCountry "CAN"]

1. e4 e6 2. Nf3 d5 3. d4 c5 4. c3 Nc6 5. Nbd2 Bd7 6. Bd3 c4 7. Bc2 Bd6 8. O-O Nge7 9. e5 Bc7 10. Re1 O-O 11. b4 b5 12. a4 a6 13. axb5 axb5 14. Rxa8 Qxa8 15. Ng5 h6 16. Bh7+ Kh8 17. Qh5 Be8 18. Nde4 f6 19. Qg4 fxg5 20. Nxg5 Qa2 21. Re2 Qb1 22. Nxe6 Qxc1+ 23. Re1 Qxe1# 0-1

[Event "Winnipeg TNT 2025.06 Novice"]
[Site "Winnipeg CAN"]
[Date "2025.06.10"]
[Round "2.2"]
[White "Gong, Lucas"]
[Black "Wang, Elvis"]
[Result "0-1"]
[WhiteElo "1233"]
[BlackElo "1555"]
[WhiteFideId "-1"]
[WhiteFideId "-1"]
[PlyCount "58"]
[GameId "2197395178811575"]
[EventDate "2025.06.03"]
[EventType "swiss"]
[EventRounds "4"]
[EventCountry "CAN"]

1. e4 e6 2. d4 d5 3. exd5 exd5 4. Nf3 Nf6 5. Bd3 Bd6 6. O-O O-O 7. Bg5 Bg4 8. h3 Bh5 9. g4 Bg6 10. Kg2 Nbd7 11. Rh1 h6 12. Bxf6 Qxf6 13. h4 Bxd3 14. Qxd3 Qg6 15. Nh2 Bxh2 16. Qxg6 fxg6 17. Rxh2 Rf4 18. g5 Rxd4 19. Na3 Rf8 20. Rah1 Rdf4 21. Kf1 Ne5 22. h5 Ng4 23. Rg2 Ne3+ 24. Kg1 Nxg2 25. Kxg2 Rxf2+ 26. Kg3 R8f3+ 27. Kh4 hxg5+ 28. Kxg5 Rg2+ 29. Kh4 g5# 0-1

[Event "Winnipeg TNT 2025.06 Novice"]
[Site "Winnipeg CAN"]
[Date "2025.06.10"]
[Round "2.3"]
[White "Singh, Arshveer"]
[Black "Howard, Nick"]
[Result "1-0"]
[WhiteElo "1409"]
[BlackElo "1432"]
[WhiteFideId "-1"]
[WhiteFideId "-1"]
[PlyCount "87"]
[GameId "2197395178815672"]
[EventDate "2025.06.03"]
[EventType "swiss"]
[EventRounds "4"]
[EventCountry "CAN"]

1. e4 c6 2. Nf3 d5 3. exd5 cxd5 4. h3 Nf6 5. Bb5+ Nbd7 6. O-O a6 7. Ba4 b5 8. Bb3 e5 9. Re1 Bd6 10. Nc3 O-O 11. Bxd5 Nxd5 12. Nxd5 Bb7 13. Nc3 Re8 14. d3 Nb6 15. d4 e4 16. Ng5 Qf6 17. Ncxe4 Qe7 18. Bd2 h6 19. h4 hxg5 20. Nxg5 Qf6 21. Bc3 Nd5 22. Ne4 Qe6 23. Ng5 Qf5 24. Bd2 Nf4 25. Bxf4 Qxf4 26. g3 Qf5 27. Qd2 Qd5 28. f3 Bxg3 29. Qd3 Bxe1 30. Qh7+ Kf8 31. Qh8+ Ke7 32. Rxe1+ Kd7 33. Rxe8 Qxd4+ 34. Kf1 Rxe8 35. Qh5 Qd1+ 36. Kg2 Re2+ 37. Kg3 Qd6+ 38. Kh3 Qh2+ 39. Kg4 Bxf3+ 40. Nxf3 Qg2+ 41. Kf4 Re4+ 42. Kxe4 Qe2+ 43. Kf4 Qd2+ 44. Nxd2 1-0

[Event "Winnipeg TNT 2025.06 Novice"]
[Site "Winnipeg CAN"]
[Date "2025.06.17"]
[Round "3.1"]
[White "Jo, Asher"]
[Black "Singh, Arshveer"]
[Result "0-1"]
[WhiteElo "1272"]
[BlackElo "1409"]
[WhiteFideId "-1"]
[WhiteFideId "-1"]
[PlyCount "36"]
[GameId "2197395178819769"]
[EventDate "2025.06.03"]
[EventType "swiss"]
[EventRounds "4"]
[EventCountry "CAN"]

1. d4 d5 2. c4 Nc6 3. Nf3 Nf6 4. Bf4 Bf5 5. e3 a6 6. Nc3 e6 7. Be2 Bb4 8. a3 Bxc3+ 9. bxc3 Ne4 10. Rc1 Bg4 11. cxd5 Qxd5 12. c4 Qa5+ 13. Nd2 Nc3 14. Rxc3 Bxe2 15. Qb3 Bh5 16. Qxb7 Qxc3 17. Qxa8+ Nd8 18. Bxc7 Qc1# 0-1

[Event "Winnipeg TNT 2025.06 Novice"]
[Site "Winnipeg CAN"]
[Date "2025.06.04"]
[Round "4.1"]
[White "Singh, Arshveer"]
[Black "Wang, Elvis"]
[Result "0-1"]
[WhiteElo "1409"]
[BlackElo "1555"]
[WhiteFideId "-1"]
[WhiteFideId "-1"]
[PlyCount "70"]
[GameId "2197395178893499"]
[EventDate "2025.06.03"]
[EventType "swiss"]
[EventRounds "4"]
[EventCountry "CAN"]

1. e4 e6 2. e5 d5 3. d4 c5 4. Nf3 cxd4 5. Qxd4 Nc6 6. Bb5 Bd7 7. Qd1 Qc7 8. Bxc6 bxc6 9. O-O Ne7 10. Nc3 Ng6 11. Re1 Be7 12. Ng5 h6 13. Nh3 Nxe5 14. Bf4 Bd6 15. Bxe5 Bxe5 16. Qh5 Bxh2+ 17. Kh1 g6 18. Qf3 Bd6 19. a3 Rf8 20. Rad1 O-O-O 21. Qd3 Rfe8 22. Ng1 f5 23. Na4 g5 24. c4 g4 25. cxd5 exd5 26. Rxe8 Rxe8 27. Rc1 h5 28. Nc3 Qd8 29. Nxd5 Qh4+ 30. Nh3 gxh3 31. Rxc6+ Bxc6 32. Qa6+ Bb7 33. Nb6+ axb6 34. Qxb6 hxg2+ 35. Kg1 Qh1# 0-1

[Event "Winnipeg TNT 2025.06 Novice"]
[Site "Winnipeg CAN"]
[Date "2025.06.24"]
[Round "4.2"]
[White "Jo, Asher"]
[Black "Gong, Lucas"]
[Result "1-0"]
[WhiteElo "1272"]
[BlackElo "1233"]
[WhiteFideId "-1"]
[WhiteFideId "-1"]
[PlyCount "71"]
[GameId "2197395178897596"]
[EventDate "2025.06.03"]
[EventType "swiss"]
[EventRounds "4"]
[EventCountry "CAN"]

1. c4 e5 2. Nc3 Bc5 3. e3 Nc6 4. Nf3 e4 5. Nxe4 Bb6 6. Qb3 d6 7. Neg5 Bc5 8. d4 Bb4+ 9. Kd1 h6 10. Ne4 Bf5 11. Nc3 Nf6 12. d5 Bxc3 13. bxc3 Ne7 14. Nd4 Ne4 15. Ke1 b6 16. Nxf5 Nxf5 17. Bd3 Qh4 18. Qc2 Neg3 19. fxg3 Nxg3 20. Qf2 O-O 21. Qxg3 Qf6 22. Bd2 Rfe8 23. Rf1 Qd8 24. Ke2 c5 25. Rxf7 Kxf7 26. Qg6+ Kf8 27. Rf1+ Qf6 28. Rxf6+ gxf6 29. Qxf6+ Kg8 30. Qxh6 Re7 31. Qxd6 Rg7 32. g3 Rf8 33. e4 Rgf7 34. Bf4 Rf6 35. Qe5 R6f7 36. Bh6 1-0

[Event "Winnipeg TNT 2025.07"]
[Site "Winnipeg CAN"]
[Date "2025.07.08"]
[Round "1.1"]
[White "Stordeur, Jackson"]
[Black "Curtis, Rory"]
[Result "1-0"]
[WhiteElo "2093"]
[BlackElo "1765"]
[WhiteFideId "-1"]
[WhiteFideId "-1"]
[PlyCount "51"]
[GameId "2205803197415527"]
[EventDate "2025.07.08"]
[EventType "swiss"]
[EventRounds "4"]
[EventCountry "CAN"]

1. e4 e5 2. Nf3 d6 3. d4 exd4 4. Nxd4 Nf6 5. Nc3 Be7 6. Be2 O-O 7. O-O Nc6 8. Re1 Re8 9. Nxc6 bxc6 10. Bf3 Bb7 11. Bf4 c5 12. e5 Bxf3 13. Qxf3 Nd7 14. Rad1 Nb6 15. a4 a5 16. h3 Bf8 17. Qg3 Re6 18. exd6 Rxe1+ 19. Rxe1 Bxd6 20. Rd1 Qe7 21. Bxd6 cxd6 22. Qxd6 Qxd6 23. Rxd6 Rb8 24. b3 Kf8 25. Kf1 Ke7 26. Rxb6 1-0

[Event "Winnipeg TNT 2025.07"]
[Site "Winnipeg CAN"]
[Date "2025.07.08"]
[Round "1.2"]
[White "Kim, Sunyo"]
[Black "Protsyuk, Svitlana"]
[Result "0-1"]
[WhiteElo "1758"]
[BlackElo "2042"]
[WhiteFideId "-1"]
[WhiteFideId "-1"]
[PlyCount "67"]
[GameId "2205803197415528"]
[EventDate "2025.07.08"]
[EventType "swiss"]
[EventRounds "4"]
[EventCountry "CAN"]

1. e4 c5 2. Nf3 Nc6 3. d4 cxd4 4. Nxd4 g6 5. Nc3 Bg7 6. Nxc6 bxc6 7. Bd2 Nf6 8. Bd3 O-O 9. O-O d5 10. exd5 cxd5 11. Rb1 e5 12. Bg5 h6 13. Bh4 Be6 14. b3 Rc8 15. Qd2 g5 16. Bg3 Nh5 17. Ne2 f5 18. f3 e4 19. Bb5 Nxg3 20. hxg3 Qb6+ 21. Kh1 Qxb5 22. Rfc1 Rfd8 23. a4 Qe8 24. Qe3 Qh5+ 25. Kg1 d4 26. Qf2 d3 27. cxd3 Rxc1+ 28. Rxc1 exd3 29. g4 fxg4 30. fxg4 Qxg4 31. Rd1 Rf8 32. Qg3 Bd4+ 33. Nxd4 Qxg3 34. Nxe6 0-1

[Event "Winnipeg TNT 2025.07"]
[Site "Winnipeg CAN"]
[Date "2025.07.08"]
[Round "1.3"]
[White "Nagelberg, Alan"]
[Black "Movahedipour, Mohammad"]
[Result "1/2-1/2"]
[WhiteElo "2024"]
[BlackElo "1753"]
[WhiteFideId "-1"]
[WhiteFideId "-1"]
[PlyCount "126"]
[GameId "2205803197415529"]
[EventDate "2025.07.08"]
[EventType "swiss"]
[EventRounds "4"]
[EventCountry "CAN"]

1. e4 e5 2. Bc4 Bc5 3. Nf3 Nc6 4. c3 Nf6 5. O-O O-O 6. d4 exd4 7. cxd4 Be7 8. e5 Ne4 9. Bd5 Ng5 10. Nxg5 Bxg5 11. Be3 Bxe3 12. fxe3 Qg5 13. Qb3 d6 14. Bxf7+ Kh8 15. e6 b6 16. Rf3 Na5 17. Qd1 Nc4 18. Rg3 Qe7 19. Qd3 Bxe6 20. Bxe6 Qxe6 21. Nd2 Nxd2 22. Qxd2 Rf7 23. Qc2 Raf8 24. Rh3 h6 25. Rg3 Qxa2 26. Rd1 Qe6 27. h3 c5 28. Qd2 Qf6 29. Rf3 Qg5 30. Rxf7 Rxf7 31. dxc5 dxc5 32. Re1 Qe7 33. e4 Qe5 34. Qd5 Qxd5 35. exd5 Rd7 36. Rd1 Kg8 37. Kf2 Kf7 38. Ke3 Kf6 39. Ke4 Re7+ 40. Kd3 Ke5 41. Kc4 Kd6 42. Rd2 a6 43. b3 b5+ 44. Kc3 Re5 45. Ra2 Kxd5 46. Rxa6 Ke4 47. h4 g5 48. Rxh6 g4 49. Rf6 Rd5 50. Kc2 b4 51. g3 Ke3 52. Rf4 Rd2+ 53. Kc1 Rg2 54. Rxg4 Kd3 55. Rc4 Rxg3 56. Rxc5 Rg1+ 57. Kb2 Rg2+ 58. Kb1 Rh2 59. Rc4 Rh1+ 60. Kb2 Rh2+ 61. Ka1 Rh1+ 62. Kb2 Rh2+ 63. Kb1 Rh1+ 1/2-1/2

[Event "Winnipeg TNT 2025.07"]
[Site "Winnipeg CAN"]
[Date "2025.07.08"]
[Round "1.4"]
[White "Zhang, Ian"]
[Black "Babb, Jeff"]
[Result "1/2-1/2"]
[WhiteElo "1750"]
[BlackElo "2004"]
[WhiteFideId "-1"]
[WhiteFideId "-1"]
[PlyCount "101"]
[GameId "2205803197501546"]
[EventDate "2025.07.08"]
[EventType "swiss"]
[EventRounds "4"]
[EventCountry "CAN"]

1. e4 d5 2. exd5 Qxd5 3. Nc3 Qd6 4. Nf3 Nf6 5. Bc4 Bg4 6. O-O c6 7. Re1 Nbd7 8. Qe2 e6 9. d3 Bxf3 10. Qxf3 Ne5 11. Qf4 Nxc4 12. Qxc4 Qb4 13. Qxb4 Bxb4 14. Bd2 O-O-O 15. a3 Bc5 16. Be3 Bd4 17. Bxd4 Rxd4 18. Rad1 Rhd8 19. f3 h6 20. Ne4 Nxe4 21. fxe4 c5 22. b3 b5 23. Kf2 a5 24. Ke3 c4 25. bxc4 bxc4 26. Re2 e5 27. Red2 c3 28. Rf2 R8d7 29. Rb1 f6 30. Rb5 Ra4 31. Rb3 Rc7 32. Rf1 Kd7 33. Rd1 Rd4 34. Ra1 Ra4 35. Ke2 Ke7 36. Kd1 h5 37. Kc1 g6 38. Kb1 f5 39. exf5 gxf5 40. Ka2 Rf4 41. Re1 Rc5 42. Re2 Kf6 43. Rb6+ Kg5 44. Kb3 h4 45. a4 Rf1 46. Re6 Rb1+ 47. Ka2 Rb2+ 48. Ka3 Kf4 49. Rf6 Kg5 50. Re6 Kf4 51. Rf6 1/2-1/2

[Event "Winnipeg TNT 2025.07"]
[Site "Winnipeg CAN"]
[Date "2025.07.08"]
[Round "1.5"]
[White "Gres, Yakiv"]
[Black "Ubaka, Michael"]
[Result "1-0"]
[WhiteElo "1990"]
[BlackElo "1724"]
[WhiteFideId "-1"]
[WhiteFideId "-1"]
[PlyCount "63"]
[GameId "2205803197509739"]
[EventDate "2025.07.08"]
[EventType "swiss"]
[EventRounds "4"]
[EventCountry "CAN"]

1. e4 e5 2. Nc3 Bc5 3. Bc4 Nf6 4. d3 h6 5. f4 d6 6. Nf3 Ng4 7. Qe2 Bf2+ 8. Kf1 Bc5 9. Na4 exf4 10. Nxc5 dxc5 11. Bxf4 O-O 12. h3 Nf6 13. Kf2 Nc6 14. c3 Re8 15. Rhf1 Nh5 16. Bh2 Be6 17. Bb5 Qf6 18. Kg1 Qe7 19. Ne5 Nxe5 20. Bxe8 Qg5 21. h4 Ng3 22. Qf2 Qxh4 23. Bxg3 Qh5 24. Bxe5 Rxe8 25. Qg3 Bg4 26. Bxg7 Kxg7 27. Rf4 f5 28. exf5 Kh8 29. Qxg4 Qf7 30. Qh4 Kh7 31. Re1 Rg8 32. Re7 1-0

[Event "Winnipeg TNT 2025.07"]
[Site "Winnipeg CAN"]
[Date "2025.07.08"]
[Round "1.6"]
[White "Gannon, Keith"]
[Black "Rutter, Blair"]
[Result "0-1"]
[WhiteElo "1594"]
[BlackElo "1923"]
[WhiteFideId "-1"]
[WhiteFideId "-1"]
[PlyCount "82"]
[GameId "2205803197522028"]
[EventDate "2025.07.08"]
[EventType "swiss"]
[EventRounds "4"]
[EventCountry "CAN"]

1. c4 Nf6 2. d4 e6 3. Nc3 d5 4. cxd5 exd5 5. Nf3 c6 6. a3 Bd6 7. e3 Bg4 8. Be2 O-O 9. O-O Nbd7 10. h3 Bh5 11. b4 a6 12. Bb2 Re8 13. Nd2 Bg6 14. Re1 Re7 15. Bf3 Qe8 16. Nb3 Nb6 17. Nc5 Nc4 18. Bc1 b6 19. Nd3 Ne4 20. Bxe4 dxe4 21. Nb2 Nxb2 22. Bxb2 f5 23. Qb3+ Bf7 24. Qc2 Rc8 25. Rac1 b5 26. Qd2 Bc4 27. Ne2 g5 28. g3 Qg6 29. Rc3 h5 30. Kg2 Rf7 31. Ng1 Rcf8 32. f3 Bd5 33. Qd1 exf3+ 34. Nxf3 g4 35. hxg4 fxg4 36. Kh2 Rxf3 37. e4 Bxe4 38. Rxf3 Rxf3 39. Rxe4 Qxe4 40. d5 Rxg3 41. dxc6 Qg2# 0-1

[Event "Winnipeg TNT 2025.07"]
[Site "Winnipeg CAN"]
[Date "2025.07.08"]
[Round "1.7"]
[White "Kowal, Ken"]
[Black "Trueman, Francis"]
[Result "1-0"]
[WhiteElo "1912"]
[BlackElo "1552"]
[WhiteFideId "-1"]
[WhiteFideId "-1"]
[PlyCount "70"]
[GameId "2205803197526125"]
[EventDate "2025.07.08"]
[EventType "swiss"]
[EventRounds "4"]
[EventCountry "CAN"]

1. e4 d6 2. d4 Nd7 3. Nf3 e5 4. Nc3 Ngf6 5. Bc4 Be7 6. Qe2 O-O 7. Be3 a5 8. Rd1 Nb6 9. dxe5 Ng4 10. Bxb6 cxb6 11. h3 Nh6 12. Nd5 dxe5 13. Nf6+ Bxf6 14. Rxd8 Bxd8 15. g4 g5 16. Bd5 Kh8 17. Qd2 f6 18. Nh2 Be7 19. O-O Rd8 20. Qe2 Bd7 21. Bxb7 Ra7 22. Bd5 Rc7 23. Rd1 b5 24. Nf1 Rdc8 25. Ne3 Bc5 26. c3 Be8 27. Be6 Rb8 28. Kg2 Nf7 29. Nf5 Nd8 30. Bd5 Nf7 31. Bxf7 Bxf7 32. b3 Bxb3 33. axb3 Bb6 34. Rd6 Rxc3 35. Qd2 Rxb3 1-0

[Event "Winnipeg TNT 2025.07"]
[Site "Winnipeg CAN"]
[Date "2025.07.08"]
[Round "1.8"]
[White "Lam, Jacob"]
[Black "Atem, James"]
[Result "0-1"]
[WhiteElo "1358"]
[BlackElo "1828"]
[WhiteFideId "-1"]
[WhiteFideId "-1"]
[PlyCount "54"]
[GameId "2205803197534318"]
[EventDate "2025.07.08"]
[EventType "swiss"]
[EventRounds "4"]
[EventCountry "CAN"]

1. d4 g6 2. Nc3 d5 3. Bf4 c6 4. e4 dxe4 5. Nxe4 Bg7 6. c3 Nf6 7. Bd3 Nd5 8. Qd2 O-O 9. h4 Qb6 10. Nf3 Nxf4 11. Qxf4 Qxb2 12. Rb1 Qxa2 13. h5 Nd7 14. hxg6 fxg6 15. Qh4 h6 16. Qxe7 Nb6 17. Nh4 Nd5 18. Qd6 Nf4 19. Rd1 Nxd3+ 20. Rxd3 Qb1+ 21. Ke2 Qxh1 22. Nxg6 Bf5 23. Nxf8 Rxf8 24. Qe7 Qxg2 25. Rg3 Qxe4+ 26. Qxe4 Bxe4 27. Ke3 Bd5 0-1

[Event "Winnipeg TNT 2025.07"]
[Site "Winnipeg CAN"]
[Date "2025.07.15"]
[Round "2.1"]
[White "Rutter, Blair"]
[Black "Stordeur, Jackson"]
[Result "0-1"]
[WhiteElo "1923"]
[BlackElo "2093"]
[WhiteFideId "-1"]
[WhiteFideId "-1"]
[PlyCount "104"]
[GameId "2205803197538415"]
[EventDate "2025.07.08"]
[EventType "swiss"]
[EventRounds "4"]
[EventCountry "CAN"]

1. c4 Nf6 2. g3 g6 3. Bg2 Bg7 4. Nc3 O-O 5. d4 d6 6. e4 e5 7. d5 a5 8. Nge2 Na6 9. O-O Nc5 10. h3 Kh8 11. Be3 b6 12. Qd2 Bd7 13. Rab1 Ng8 14. Kh2 f5 15. f4 Qe7 16. Rbe1 Rae8 17. Bxc5 bxc5 18. Nb5 Bxb5 19. cxb5 a4 20. a3 Qd7 21. Nc3 Bh6 22. Qc2 exf4 23. gxf4 fxe4 24. Rxe4 Nf6 25. Rxe8 Qxe8 26. Qxa4 Nh5 27. Qe4 Qxe4 28. Bxe4 Bxf4+ 29. Kg2 Re8 30. Rd1 Be5 31. Bf3 Nf4+ 32. Kf1 Bxc3 33. bxc3 Re3 34. Bg4 Rxc3 35. Ra1 Nxd5 36. Bd7 Nb6 37. Bc6 Rc4 38. Re1 Rf4+ 39. Kg2 Kg7 40. Kg3 g5 41. Be8 Kf6 42. Bc6 d5 43. Re8 c4 44. a4 Nxa4 45. Bxd5 Nb6 46. Bc6 h5 47. Re2 h4+ 48. Kg2 c3 49. Rc2 Rc4 50. Bf3 Ke5 51. Kf2 Kd4 52. Ke2 Rb4 0-1

[Event "Winnipeg TNT 2025.07"]
[Site "Winnipeg CAN"]
[Date "2025.07.15"]
[Round "2.2"]
[White "Protsyuk, Svitlana"]
[Black "Kowal, Ken"]
[Result "1-0"]
[WhiteElo "2042"]
[BlackElo "1912"]
[WhiteFideId "-1"]
[WhiteFideId "-1"]
[PlyCount "85"]
[GameId "2205803197542512"]
[EventDate "2025.07.08"]
[EventType "swiss"]
[EventRounds "4"]
[EventCountry "CAN"]

1. e4 c5 2. c3 d5 3. exd5 Qxd5 4. d4 e6 5. a3 Nc6 6. Nf3 Nf6 7. Be3 Be7 8. dxc5 Qxd1+ 9. Kxd1 a5 10. Bb5 Nd5 11. Ne5 Bd7 12. Nxd7 Kxd7 13. Bd4 f6 14. Re1 e5 15. Be3 Nxe3+ 16. Rxe3 Bxc5 17. Rg3 g6 18. Nd2 f5 19. Ke2 Rhe8 20. Rd1 Kc7 21. Nc4 e4 22. b4 axb4 23. cxb4 Bf8 24. Rc3 Rad8 25. Rxd8 Rxd8 26. Na5 Kb6 27. Bxc6 Rc8 28. Nc4+ Ka7 29. Bb5 Bg7 30. Rc2 Bd4 31. Rd2 Rd8 32. f3 exf3+ 33. Kxf3 Bb6 34. Rd7 Rxd7 35. Bxd7 Bg1 36. h4 b6 37. b5 Bc5 38. Be6 Be7 39. Bg8 g5 40. hxg5 Bxg5 41. Bxh7 f4 42. Be4 Bh6 43. Kg4 1-0